MPPSC मध्यप्रदेश राज्य सेवा मुख्य परीक्षा सामान्य अध्ययन सॉल्वड पेपर्स 2015 - 2020 ( I,II,II, & IV Papers) (Record no. 66277)
[ view plain ]
| 000 -LEADER | |
|---|---|
| fixed length control field | 00535nam a22001097a 4500 |
| 082 ## - DEWEY DECIMAL CLASSIFICATION NUMBER | |
| Classification number | 001 |
| 100 ## - MAIN ENTRY--AUTHOR NAME | |
| Personal name | पुणेकर |
| 245 ## - TITLE STATEMENT | |
| Title | MPPSC मध्यप्रदेश राज्य सेवा मुख्य परीक्षा सामान्य अध्ययन सॉल्वड पेपर्स 2015 - 2020 ( I,II,II, & IV Papers) |
| 260 ## - PUBLICATION, DISTRIBUTION, ETC. (IMPRINT) | |
| Place of publication | इंंदौर |
| Name of publisher | पुणेकर पबिलकेशन |
| Year of publication | 2023 |
| 650 ## - SUBJECT ADDED ENTRY--TOPICAL TERM | |
| Topical Term | सामान्य ज्ञान |
| 942 ## - ADDED ENTRY ELEMENTS (KOHA) | |
| Koha item type | Hindi Books |
| Withdrawn status | Lost status | Damaged status | Not for loan | Home library | Current library | Date acquired | Full call number | Accession Number | Price effective from | Koha item type |
|---|---|---|---|---|---|---|---|---|---|---|
| MACL | MACL | 29/10/2023 | 001 | DPI001518 | 29/10/2023 | Hindi Books |









